| 000 | 00600nam a2200193Ia 4500 | ||
|---|---|---|---|
| 008 | 151121s9999||||xx |||||||||||||| ||und|| | ||
| 082 | _a813-/पै | ||
| 082 | _bHNW-44697 | ||
| 100 | _aपै शिरीष | ||
| 245 | _aलग्न आणि इतर कथा | ||
| 260 | _b"अभिनव प्रकाशन, मुंबई।" | ||
| 260 | _c-- | ||
| 300 | _a167 | ||
| 600 | _aपै शिरीष | ||
| 630 | _aलग्न आणि इतर कथा | ||
| 700 | _aपै शिरीष | ||
| 730 | _aलग्न आणि इतर कथा | ||
| 942 | _cBOOK | ||
| 999 |
_c1232176 _d1232173 |
||